000 00274 a2200133 4500
001 122109
040 _cEscola Canadense de Niteroi
245 1 0 _aNovo mapa da Europa
260 _aSão Paulo
650 4 _aMapa
650 4 _aGeografia
650 4 _aEuropa
942 _cMATP
999 _c122109
_d122109